| 000 | 00602nam a2200157Ia 4500 | ||
|---|---|---|---|
| 008 | 210815s9999||||xx |||||||||||||| ||und|| | ||
| 040 | _aID-SmMUS | ||
| 084 | _a237-0384 YUW PIN.16 | ||
| 100 | _aYuwelsoni | ||
| 245 | 0 | _aPemanfaatan Elektronik Government Dalam Meningkatkan Disiplin Pegawai (Studi Kasus Penggunaan Absensi Elektronik di Kantor Bupati Malinau) | |
| 260 |
_aSamarinda _bFisip Unmul _c2016 |
||
| 300 | _ai-xiv + 92 hlm | ||
| 650 |
_aTheses (Skripsi, Tesis, Disertasi) _eT-H-E _xSkripsi-PIN _yPIN-2016 |
||
| 700 | _aDrs. H. Gunthar Riady, M.Si & Dr. Phil. I Ketut Gunawan, M.A | ||
| 942 | _cTHE | ||
| 999 |
_c9673 _d9673 |
||